000 00802nam a22002297a 4500
999 _c5886
_d5886
003 AR-CdUCM
008 190313b ||||| |||| 00| 0 spa d
040 _aMUNICIPALIDAD PROVINCIAL DEL CUSCO
_cBIBLIOTECA MUNICIPAL DEL CUSCO
041 _hale
082 _a358.943 /
_bB34
100 _aBekker, Cajus
_917361
245 _aLa Luftwaffe /
260 _aBarcelona :
_bBruguera,
_c1968.
300 _a771 paginas ;
_c23 cm.
505 _aLa guerra relámpago sobre Polonia -- El triangulo húmedo del mar del norte -- Tempestad en el oeste -- La batalla de Inglaterra -- El mediterráneo en 1941 ...
650 _aAeronáutica militar
_917362
650 _aAlemania
_91327
650 _aEjercito del aire
_917363
700 _aYarza Oñate, Jose Luis
_917364
942 _2ddc
_cLIBROS
945 _aacv